1206 1122 1148 1004 1775 1819 1077 1967 1150 1310 1930 1414 1037 1342 1454 1283 1340 1322 1288 1566 1649 1419 1054 1456 1746 1506 1331 1110 1227 1114 1509 1341 1804 1338 1990 1154 1289 1364 1958 1547 1587 1379 1974 1286 1943 1882 1799 1300 1886 1694 1543 1513 1421 1174 1698 1083 1775 1203 1952 1949 1889 1345 1053 1290 1283 1814 1833 1658 1204 1634 1555 1187 1179 1078 1879 1024 1858 1455 1014 1850 1730 1124 1990 1817 1616 1095 1167 1501 1673 1478 1606 1319 1872 1375 1521 1185 1888 1813 1092 BCNSPRNW ULIB Ver.6.0+V

เปลี่ยนเป็นภาษาไทย

Change to English
 แสดงรายละเอียดบรรณานุกรม
  กลับหน้าหลัก

Brief Record : Get Marc (ISO 2709) : E-mail record : QR code < ปิดหน้าต่าง
LEADER : 00000nam 2200000uu 4500
001    13399127750
003     ULIB
008    210518s2557||||th 000 0 tha d
020    ู^a9786163693808
050    ^aนว^bซ119ม^cล.10
100    ^aซ็อลบง
245    ^aมหากาพย์เทพมรณะ เล่ม 10
250    ^aพิมพ์ครั้งที่ 1
260    ^aกรุงเทพฯ :^bสยามอินเตอร์บุ๊คส์,^c2557
300    ^a218 หน้า;^b21 ซม.
650    ^aนวนิยาย
945    ^p200^l0^i008061
999    ^aประนอม เกษจรัล
รายการนี้ยังไม่มีแท็ก
คุณยังไม่ได้ล็อกอิน คุณสามารถมีกิจกรรมร่วมกับเว็บไซต์ได้ แต่ต้องล็อกอินก่อน ::
  ล็อกอิน

รายการสื่อสารสนเทศ

ลำดับที่ ประเภท เลขเรียก/บาร์โค้ด สถานที่ สถานะ
1. นวนิยาย
นวนิยาย
นว ซ119ม ล.10 ฉ.1 
  Barcode: 008061
ห้องสมุดวิทยาเขตนครสวรรค์
►นวนิยาย:l:Fiction
บนชั้น
Note:บริจาค

รายการใกล้เคียง
    ผู้แต่ง [ซ็อลบง]

    หัวเรื่อง [นวนิยาย]

BibComment


ยังไม่เคยถูกคอมเมนท์

คอมเมนท์ทรัพยากรรายการนี้
  คอมเมนท์: มหากาพย์เทพมรณะ ..


 Copyright 2026. Bcnsprnw @Library